|
|
|
|
| LEADER |
00000nab a2200000 ar4500 |
| 001 |
vtls008427646 |
| 003 |
SK-MaSNL |
| 005 |
20260303070004.0 |
| 008 |
060202c2005 xo mr|p|||||||000 b|slo |
| 015 |
|
|
|a SNBRB2006/02
|2 snkbucl
|
| 038 |
|
|
|a SNKBUCL
|
| 040 |
|
|
|a SNKBUCL
|b slo
|c SNKBUCL
|e AACR2
|
| 041 |
0 |
|
|a slo
|
| 044 |
|
|
|a xo
|c SK
|
| 080 |
|
|
|a 621.38:004:061.43
|2 1997
|
| 080 |
|
|
|a 004:061.43
|2 1997
|
| 080 |
|
|
|a 771.31:004.085:061.43
|2 1997
|
| 100 |
1 |
|
|a Orviský, Peter
|4 aut
|9 18820
|
| 245 |
1 |
0 |
|a IFA 2005
|b reportáž
|c Peter Orviský
|
| 300 |
|
|
|b Fotogr.
|
| 611 |
2 |
7 |
|a IFA
|d (2005 :
|c Berlín, Nemecko)
|2 snkbucl
|9 1066798
|
| 650 |
0 |
7 |
|a spotrebná elektronika
|2 snkbucl
|9 270786
|
| 650 |
0 |
7 |
|a digitálna fotografia
|2 snkbucl
|9 20210
|
| 650 |
0 |
7 |
|a televízna technika
|2 snkbucl
|9 247453
|
| 650 |
0 |
7 |
|a multimediálne zariadenia
|2 snkbucl
|9 1056858
|
| 655 |
|
7 |
|a reportáže
|2 snkbucl
|9 28856
|
| 773 |
0 |
|
|t DiGi revue
|g Roč. 1, č. 10 (2005), s. 20-23
|x 1336-5754
|
| 852 |
|
|
|a SNK
|b KIS3GCP
|
| 999 |
|
|
|c 1753539
|d 1755469
|